000 00803nam a22002537a 4500
003 OSt
005 20240530073924.0
007 ta
008 210303b 2020 dr 00| 0 eng d
020 _a9789945807301
040 _aDO-SdBNP
_bspa
_cBNPHU
082 4 _aRD863.5
_bV182n
_222
100 1 _aVallejo, Alba N.,
_d1991-
_978002
245 1 0 _aNi tan soltero /
_cAlba N. Vallejo.
260 _aSanto Domingo :
_bVérité Editorial Group,
_c2020.
300 _a84 p. ;
_c21 cm.
500 _aEscrito a los 15 años para mayores de 18 años.
500 _aIncluye datos biográficos de la autora en la contracubierta.
590 _aInventariado, 2021 /LP
650 0 _aNovela dominicana
_9223
650 4 _aLiteratura dominicana
_978846
910 _aValidado. Control de calidad MFF
942 _2ddc
_cLBS1
999 _c49490
_d49490